00790nam a2200229Ia 4500003000400000005001700004008004100021020001500062040001800077041000800095082002100103100002700124245005300151250001200204260004900216300003100265650005300296650004400349942003400393999001900427952011400446OSt20230802150721.0210716s1994 xx 000 0 und d a8172242093 cAIMIT LIBRARY aeng a005.11 21bCHAW aChapman, Will.9129151 aDatabases using clipper 5.01 /cBy Will Chapman. a1st ed. aNew Delhi :bJaico Publishing House ,c1994. axii,248,46p. ;bPBc24 cm. aData box programming the opening program9129152 aAdding records to databox files9129153 2ddccBKe1st ed.k005.11 CHAW c182820d182820 00102ddc40708MCAaAIMITbAIMITd2021-07-16l0o005.11 CHAWpMCA02328r2025-07-21 00:00:00w2021-07-16yBK